[Event "94th Tradewise Hastings Congress"]
[Site "Hastings"]
[Date "2018.12.28"]
[Round "1"]
[White "Sulskis, Sarunas"]
[Black "Pitschka, Claus"]
[Result "1-0"]
[WhiteElo "2525"]
[BlackElo "2241"]
[Annotator "TA"]
[PlyCount "105"]
[EventDate "2018.12.28"]
[EventType "swiss"]
[EventCountry "ENG"]
[SourceTitle "playchess.com"]
[Source "ChessBase"]
[SourceQuality "1"]

{[%evp 17,104,45,49,0,0,0,0,-14,-7,-12,0,0,0,0,8,-5,-5,-5,-13,-31,-14,-12,0,0,0,0,0,0,0,0,10,-32,-24,-44,-41,-44,-26,-42,0,0,0,0,0,0,0,1,44,10,16,23,46,41,43,0,41,33,85,0,0,0,0,0,0,0,0,0,120,113,157,151,137,149,149,152,162,0,0,-214,162,60,144,0,260,252,248,243,5480,1345,29999]} 1. e4 {[%cal Be2e4,Be4e5][%mdl 32]} Nf6 2. e5 Nd5 3. d4 d6 4. c4 Nb6 5. f4 dxe5 6. fxe5 Nc6 7. Be3 Bf5 8. Nc3 e6 9. Nf3 Qd7 {LiveBook: 56 Games} 10. c5 {B03: Alekhine's Defence: Four Pawns Attack} (10. Qd2 Rd8 11. O-O-O Bb4 12. Bg5 Na4 13. Bd3 Bxd3 14. Qxd3 Nxc3 15. bxc3 Be7 16. Rhe1 Na5 17. Bxe7 Kxe7 {½-½ (25) Savchenko,B (2652)-Narciso Dublan,M (2530) Rijeka 2010}) 10... Nd5 11. Nxd5 Qxd5 12. Bb5 {The position is equal.} a6 13. Qa4 Be4 14. O-O Be7 15. Nd2 $146 ({Predecessor:} 15. Rf2 O-O 16. Be2 Qd7 17. Qc4 Rad8 {0-1 (78) Zieger,B (2013)-Werner,B (2115) Emmendingen 2012}) 15... Bg6 16. Bxc6+ Qxc6 17. Qxc6+ bxc6 18. Rf2 Kd7 19. Nc4 Rhb8 20. b3 a5 {[%cal Ba6a5,Ba5a4][%mdl 32]} 21. Bd2 a4 22. b4 f6 23. a3 Bd3 24. Nb2 Bb5 25. exf6 Bxf6 26. Bc3 Rd8 27. Re1 Ke7 28. Rf4 Rd7 29. Rfe4 $36 {[%mdl 2048] White fights for an advantage.} Kf7 30. Rxe6 Rad8 31. Nd1 Bc4 32. R6e3 Rxd4 33. Nf2 R4d7 34. Bxf6 gxf6 35. h3 Rd2 36. Re7+ {[%mdl 64] Double Attack} Kg6 37. R1e3 (37. R1e4 $16 R8d4 38. Rxc7) 37... R8d7 $11 38. Rg3+ Kf5 $1 39. Rf3+ Kg6 40. Rg3+ Kf5 $1 41. Ree3 Re2 (41... h5 $11 {remains equal.}) 42. Ng4 $1 $16 {And now h4 would win.} Rdd2 {Black wants to play ...Bd5.} 43. Ref3+ $1 Ke6 44. Rxf6+ Kd7 45. Ne3 Bb3 46. Nf5 $2 (46. Rh6 $18) 46... Bd5 $1 $11 {[%cal Re2g2]} 47. Ne3 $2 (47. Nh4 $11) 47... Bb3 $4 {[%mdl 8192]} (47... Re1+ $1 $19 48. Nf1 Kc8) 48. Rg7+ (48. Rh6 $18) 48... Kc8 {[#]} ({Black should play} 48... Ke8 $1 $14) 49. Rf8+ ({Don't play} 49. Rxc6 $6 Rd7 $14) ({White must play} 49. Nf5 $1 $16 {[%cal Rf5d6] Strongly threatening Nd6+!} Re1+ 50. Kh2) 49... Kb7 $2 {[%mdl 8192]} (49... Rd8 $1 $11 {and Black has nothing to worry.} 50. Rxd8+ Kxd8) 50. Nf5 $18 Ka6 51. Ra8+ Kb5 $2 {[#]} (51... Kb7 52. Rf8 Ka6) 52. Rg4 (52. Ne3 $142 $1 {[%mdl 512]} Re1+ (52... Rxe3 53. Rg4) 53. Kh2 (53. Nf1 Kc4 $11) 53... Rxe3 54. Rg4 Rxg2+ 55. Kxg2 Bd5+ {[%mdl 64] Discovered Attack} 56. Kf2) 52... Bd5 53. Ra5# {Accuracy: White = 46%, Black = 34%.} 1-0

[Event "94th Tradewise Hastings Congress"]
[Site "Hastings"]
[Date "2018.12.28"]
[Round "1"]
[White "Williams, Simon K"]
[Black "Willow, Jonah B"]
[Result "0-1"]
[WhiteElo "2472"]
[BlackElo "2218"]
[Annotator "ChessBase"]
[PlyCount "48"]
[EventDate "2018.12.28"]
[EventType "swiss"]
[EventCountry "ENG"]
[SourceTitle "playchess.com"]
[Source "ChessBase"]
[SourceQuality "1"]
[TimeControl "40/6000+30:3000+30"]

1. Nf3 {[%emt 0:00:49]} c5 {[%emt 0:00:00]} 2. e3 {[%emt 0:01:08]} Nf6 {[%emt 0:01:08]} 3. c4 {[%emt 0:00:55]} g6 {[%emt 0:00:32]} 4. d4 {[%emt 0:03:57]} cxd4 {[%emt 0:01:46]} 5. exd4 {[%emt 0:01:49]} d5 {[%emt 0:00:28]} 6. Nc3 {[%emt 0:00:10]} Nc6 {[%emt 0:00:04]} 7. Bg5 {[%emt 0:03:50]} Be6 {[%emt 0:00:05]} 8. c5 {[%emt 0:06:02]} Bg7 {[%emt 0:05:10]} 9. Bb5 {[%emt 0:00:19]} Ne4 {[%emt 0:08:50]} 10. O-O {[%emt 0:02:38]} O-O {[%emt 0:02:46]} 11. Be3 {[%emt 0:03:26]} Bg4 {[%emt 0:04:01]} 12. Bxc6 {[%emt 0:00:54]} bxc6 {[%emt 0:00:06]} 13. h3 {[%emt 0:00:09]} Bxf3 {[%emt 0:03:37]} 14. Qxf3 {[%emt 0:00:05]} f5 {[%emt 0:03:45]} 15. Qd1 {[%emt 0:00:15]} f4 {[%emt 0:04:03]} 16. Bc1 {[%emt 0:00:04]} f3 {[%emt 0:22:46]} 17. g3 {[%emt 0:01:51]} Qd7 {[%emt 0:03:03]} 18. Kh2 {[%emt 0:01:08]} Rf5 {[%emt 0:07:51]} 19. h4 {[%emt 0:00:40]} Nf6 {[%emt 0:12:32]} 20. Be3 {[%emt 0:09:40]} Ng4+ {[%emt 0:02:05]} 21. Kg1 {[%emt 0:01:08]} Raf8 {[%emt 0:00:53]} 22. Re1 {[%emt 0:02:43]} Rh5 {[%emt 0:07:21]} 23. Qd3 {[%emt 0:01:14]} Rxh4 {[%emt 0:04:42]} 24. gxh4 {[%emt 0:02:27]} Qc7 {[%emt 0:00:22]} 0-1

[Event "94th Tradewise Hastings Congress"]
[Site "Hastings"]
[Date "2018.12.28"]
[Round "1"]
[White "Leenhouts, Koen"]
[Black "Villiers, Thomas"]
[Result "1/2-1/2"]
[WhiteElo "2470"]
[BlackElo "2205"]
[Annotator "TA"]
[PlyCount "84"]
[EventDate "2018.12.28"]
[EventType "swiss"]
[EventCountry "ENG"]
[SourceTitle "playchess.com"]
[Source "ChessBase"]
[SourceQuality "1"]

{[%evp 10,84,35,4,33,15,14,0,0,0,0,0,24,15,43,38,42,29,58,50,52,31,38,40,51,16,28,16,84,86,123,123,135,126,176,167,173,173,196,191,258,183,199,208,274,271,270,259,280,235,244,241,238,220,324,319,267,266,239,230,330,323,317,302,284,109,109,100,118,67,64,52,64,8,14,-6,-8]} 1. d4 e6 2. c4 b6 3. a3 Nf6 4. Nc3 Bb7 5. Nf3 Be7 6. Bf4 {LiveBook: 13 Games} d6 {E12: Queen's Indian: Unusual White 4th moves, 4 a3, 4 Nc3 Bb7 5 a3 and 4 Nc3 Bb7} (6... Ne4 7. Nxe4 Bxe4 8. e3 d6 9. Bd3 Bxd3 10. Qxd3 Nd7 11. O-O-O c5 12. Kb1 Rc8 13. Rc1 cxd4 14. exd4 Nf6 15. Bg5 O-O 16. d5 {½-½ (34) Mamedyarov,S (2820)-Ivanchuk,V (2710) Batumi 2018}) 7. h3 O-O 8. Qc2 c5 9. dxc5 bxc5 10. e3 $146 ({Predecessor:} 10. e4 e5 11. Bh2 Nc6 12. Bd3 Rb8 13. O-O Nh5 14. Nd5 {1-0 (63) Dekonenko,A-Temirbek,S Mariupol 2003}) 10... Qa5 11. Be2 Rd8 12. O-O Nbd7 13. Rfd1 d5 14. b4 Qb6 $1 15. cxd5 Nxd5 16. Nxd5 Bxd5 17. b5 (17. e4 {is more complex.} Bb7 18. Rac1 Rac8 19. Be3 Qc7 20. Qb1) 17... Nf6 18. Nd2 Rac8 (18... Qb7 $11) 19. e4 $36 {[%mdl 2048] White is in control.} Ba8 {[#]} 20. Nc4 $1 {[%cal Rc4b6]} Qb7 21. f3 Rxd1+ 22. Rxd1 Rd8 23. a4 {[%cal Ba3a4,Ba4a5][%mdl 32]} Rxd1+ 24. Qxd1 ({Don't do} 24. Bxd1 $6 Qd7 $16) 24... Qd7 (24... Qc8 {was necessary.} 25. Qd2 h6) 25. Qxd7 Nxd7 26. Bc7 f6 27. a5 Kf7 28. Kf2 Ke8 29. Ke3 f5 30. Nd6+ Bxd6 31. Bxd6 $18 {[%mdl 4096] Endgame KBB-KBN} g6 (31... fxe4 $142 32. fxe4 g6) 32. Bc4 Kf7 33. Bb3 Kf6 34. Ba4 Ne5 (34... fxe4 {was called for.} 35. fxe4 Ne5 36. Bxc5 Nc4+ 37. Kd4 Nxa5 38. e5+ (38. Bxa7 e5+ 39. Kc5 Bxe4 $16) 38... Kf7) 35. Bxc5 Nc4+ 36. Kd4 Nxa5 37. Bxa7 $2 (37. e5+ $18 {is more deadly.} Kg7 38. Bxa7) 37... fxe4 $16 38. fxe4 {[#] Threatens to win with e5+.} e5+ 39. Kd3 ({Better is} 39. Kc5 $16) 39... Nb7 $1 $14 40. Bb6 {And now Bb3 would win.} Nd6 41. g3 (41. g4 $14) 41... Bxe4+ 42. Ke2 Bd5 {Accuracy: White = 63%, Black = 43%.} 1/2-1/2

[Event "94th Tradewise Hastings Congress"]
[Site "Hastings"]
[Date "2018.12.28"]
[Round "1"]
[White "Kjartansson, Gudmundur"]
[Black "Payne, Matthew J"]
[Result "1-0"]
[WhiteElo "2415"]
[BlackElo "2182"]
[Annotator "TA"]
[PlyCount "61"]
[EventDate "2018.12.28"]
[EventType "swiss"]
[EventCountry "ENG"]
[SourceTitle "playchess.com"]
[Source "ChessBase"]
[SourceQuality "1"]

{[%evp 25,61,42,66,53,91,89,81,82,164,164,161,165,168,170,166,163,247,253,389,317,333,308,450,444,445,438,432,380,450,453,496,490,516,434,531,468,578,553]} 1. e4 e6 2. d4 d5 3. Nd2 Nc6 4. Ngf3 Nf6 5. e5 Nd7 6. Be2 f6 7. exf6 Qxf6 8. Nf1 Bd6 9. Ne3 O-O 10. O-O Qg6 11. c4 {C04: French Tarrasch: 3...Nc6} (11. Bd3 Qh5 12. h3 Nf6 13. Re1 Bd7 14. c3 Kh8 15. Nf1 Rae8 16. Ng3 Qf7 17. Ng5 Qg8 18. f4 h6 {0-1 (41) Kosteniuk,A (2527)-Hou,Y (2629) Beijing 2013}) 11... Nf6 12. c5 Be7 13. Bb5 Bd7 {LiveBook: 30 Games} 14. b4 {[%cal Bb2b4,Bb4b5][%mdl 32]} a5 {[#]} 15. Bd3 $1 {[%cal Rd3g6]} Qe8 16. b5 Nxd4 $146 (16... Nb4 $16) ({Predecessor:} 16... Nb4 17. a4 Nxd3 18. Qxd3 Qh5 {½-½ (39) Mocchi,T (2223)-Stella,A (2433) Condino 2014}) 17. Nxd4 $18 {c6 is the strong threat.} Bxc5 18. Bb2 e5 19. Nb3 Bb6 20. a4 e4 (20... c6 $142 21. Ba3 Rf7 22. bxc6 bxc6) 21. Be2 {[%cal Bd3e2,Be2c4,Bc4d5][%mdl 32]} Qg6 (21... c6 {was necessary.} 22. Bd4 Bc7) 22. Bd4 Bxd4 23. Qxd4 ({But not} 23. Nxd4 Qg5 $18) 23... b6 (23... Kh8 $142 24. Rac1 c6 25. bxc6 Bxc6) 24. Rac1 Rac8 25. Nxd5 Nxd5 26. Bc4 Kh8 27. Bxd5 {White is clearly winning.} Bf5 28. Rc6 Rf6 29. Rxf6 gxf6 30. Nd2 Re8 31. Re1 {Accuracy: White = 94%, Black = 31%.} 1-0

[Event "94th Tradewise Hastings Congress"]
[Site "Hastings"]
[Date "2018.12.28"]
[Round "1"]
[White "Bates, Richard A"]
[Black "Eames, Robert S"]
[Result "1-0"]
[WhiteElo "2372"]
[BlackElo "2167"]
[Annotator "NA"]
[PlyCount "73"]
[EventDate "2018.12.28"]
[EventType "swiss"]
[EventCountry "ENG"]
[SourceTitle "playchess.com"]
[Source "ChessBase"]
[SourceQuality "1"]
[TimeControl "40/6000+30:3000+30"]

1. d4 {[%emt 0:00:00]} Nf6 {[%emt 0:00:00]} 2. Nf3 {[%emt 0:00:26]} d5 {[%emt 0:00:00]} 3. c4 {[%emt 0:00:18]} dxc4 {[%emt 0:00:21]} 4. Qa4+ {[%emt 0:04:26]} c6 {[%emt 0:01:32]} 5. Qxc4 {[%emt 0:00:15]} Bg4 {[%emt 0:00:51]} 6. Nbd2 {[%emt 0:00:17]} Nbd7 {[%emt 0:01:30]} 7. g3 {[%emt 0:00:09]} e6 {[%emt 0:03:06]} 8. Bg2 {[%emt 0:00:09]} Bd6 {[%emt 0:00:25]} 9. Qb3 {[%emt 0:06:28]} Nb6 {[%emt 0:13:49]} 10. O-O {[%emt 0:04:02]} O-O {[%emt 0:01:08]} 11. e4 {[%emt 0:04:31]} Be7 {[%emt 0:02:58]} 12. Qe3 {[%emt 0:03:17]} a5 {[%emt 0:07:16]} 13. b3 {[%emt 0:08:12]} a4 {[%emt 0:00:50]} 14. Bb2 {[%emt 0:00:06]} a3 {[%emt 0:05:20]} 15. Bc1 {[%emt 0:07:00]} Nfd7 {[%emt 0:05:26]} 16. Nc4 {[%emt 0:06:41]} c5 {[%emt 0:02:40]} 17. Nxb6 {[%emt 0:06:49]} Qxb6 {[%emt 0:00:43]} 18. dxc5 {[%emt 0:11:11]} Bxc5 {[%emt 0:00:32]} 19. Qf4 {[%emt 0:04:11]} Bh5 {[%emt 0:10:35]} 20. Bd2 {[%emt 0:04:44]} f5 {[%emt 0:05:48]} 21. Bc3 {[%emt 0:09:04]} fxe4 {[%emt 0:09:47]} 22. Qxe4 {[%emt 0:01:27]} Nf6 {[%emt 0:01:55]} 23. Qe5 {[%emt 0:07:29]} Rf7 {[%emt 0:21:24]} 24. b4 {[%emt 0:06:10]} Bd6 {[%emt 0:02:25]} 25. Qxe6 {[%emt 0:00:59]} Re8 {[%emt 0:00:45]} 26. Qc4 {[%emt 0:02:21]} Kh8 {[%emt 0:05:03]} 27. Rae1 {[%emt 0:01:52]} Rxe1 {[%emt 0:00:34]} 28. Rxe1 {[%emt 0:00:14]} Rc7 {[%emt 0:00:35]} 29. Qb3 {[%emt 0:04:05]} Ng4 {[%emt 0:02:24]} 30. Qe6 {[%emt 0:01:39]} Qxf2+ {[%emt 0:01:15]} 31. Kh1 {[%emt 0:00:05]} Bf8 {[%emt 0:00:32]} 32. Bd4 {[%emt 0:02:10]} Qc2 {[%emt 0:01:11]} 33. Rf1 {[%emt 0:01:42]} Rf7 {[%emt 0:00:50]} 34. h3 {[%emt 0:00:38]} Nf6 {[%emt 0:00:42]} 35. Ng5 {[%emt 0:00:36]} Re7 {[%emt 0:00:24]} 36. Rxf6 {[%emt 0:00:33]} gxf6 {[%emt 0:02:37]} 37. Qxf6+ {[%emt 0:00:20]} 1-0

[Event "94th Tradewise Hastings Congress"]
[Site "Hastings"]
[Date "2018.12.28"]
[Round "1"]
[White "Petrov, Vladimir Sergeev"]
[Black "Spiegel, Stefan"]
[Result "1/2-1/2"]
[WhiteElo "2365"]
[BlackElo "2124"]
[Annotator "NA"]
[PlyCount "91"]
[EventDate "2018.12.28"]
[EventType "swiss"]
[EventCountry "ENG"]
[SourceTitle "playchess.com"]
[Source "ChessBase"]
[SourceQuality "1"]
[TimeControl "40/6000+30:3000+30"]

1. e4 {[%emt 0:00:00]} Nf6 {[%emt 0:00:00]} 2. e5 {[%emt 0:00:00]} Nd5 3. d4 {[%emt 0:00:00]} Nb6 {[%emt 0:00:00]} 4. c4 {[%emt 0:00:00]} d6 {[%emt 0:00:01]} 5. exd6 {[%emt 0:00:04]} cxd6 {[%emt 0:00:08]} 6. Nc3 {[%emt 0:00:06]} g6 {[%emt 0:00:55]} 7. Be3 {[%emt 0:00:08]} Bg7 {[%emt 0:01:00]} 8. Rc1 {[%emt 0:00:06]} O-O {[%emt 0:02:15]} 9. b3 {[%emt 0:00:05]} Bf5 {[%emt 0:02:28]} 10. Be2 {[%emt 0:05:37]} d5 {[%emt 0:05:41]} 11. c5 {[%emt 0:04:06]} Nc8 {[%emt 0:06:24]} 12. Bf3 {[%emt 0:00:57]} Nc6 {[%emt 0:08:39]} 13. Bxd5 {[%emt 0:10:44]} Nb4 {[%emt 0:05:59]} 14. Bc4 {[%emt 0:02:30]} b6 {[%emt 0:02:56]} 15. Nge2 {[%emt 0:36:30]} bxc5 {[%emt 0:05:05]} 16. dxc5 {[%emt 0:00:26]} Bd3 {[%emt 0:01:38]} 17. O-O {[%emt 0:06:18]} Bxc4 {[%emt 0:00:56]} 18. bxc4 {[%emt 0:00:14]} Qa5 {[%emt 0:03:31]} 19. a3 {[%emt 0:11:31]} Nc6 {[%emt 0:03:15]} 20. Qd5 {[%emt 0:01:00]} Qa6 {[%emt 0:00:03]} 21. Nb5 {[%emt 0:02:14]} e6 {[%emt 0:00:11]} 22. Qe4 {[%emt 0:00:34]} Rb8 {[%emt 0:00:40]} 23. Rfd1 {[%emt 0:03:33]} Qb7 {[%emt 0:06:05]} 24. Rb1 {[%emt 0:05:26]} N8e7 {[%emt 0:00:43]} 25. Nec3 {[%emt 0:05:54]} Ne5 {[%emt 0:02:32]} 26. Qxb7 {[%emt 0:05:13]} Rxb7 {[%emt 0:00:06]} 27. Nd6 {[%emt 0:01:21]} Rd7 {[%emt 0:01:08]} 28. Ncb5 {[%emt 0:04:43]} Rfd8 {[%emt 0:02:56]} 29. Rdc1 {[%emt 0:04:32]} N7c6 {[%emt 0:00:33]} 30. Nd4 {[%emt 0:00:34]} Nxd4 {[%emt 0:00:10]} 31. Bxd4 {[%emt 0:00:10]} Nf3+ {[%emt 0:00:09]} 32. gxf3 {[%emt 0:00:07]} Bxd4 {[%emt 0:00:02]} 33. Nb7 {[%emt 0:01:03]} Rb8 {[%emt 0:00:42]} 34. c6 {[%emt 0:00:23]} Rc7 {[%emt 0:00:02]} 35. Rd1 {[%emt 0:00:47]} Be5 {[%emt 0:00:30]} 36. Na5 {[%emt 0:00:33]} Rxb1 {[%emt 0:00:38]} 37. Rxb1 {[%emt 0:00:15]} Kf8 {[%emt 0:00:16]} 38. Rb7 {[%emt 0:00:41]} Ke8 {[%emt 0:00:28]} 39. c5 {[%emt 0:00:28]} Kd8 {[%emt 0:00:27]} 40. Rb8+ {[%emt 0:00:33]} Ke7 {[%emt 0:00:47]} 41. Rb7 {[%emt 0:04:02]} Kd8 {[%emt 0:00:15]} 42. Nc4 {[%emt 0:03:51]} Bd4 {[%emt 0:03:38]} 43. Rb8+ {[%emt 0:29:28]} Ke7 {[%emt 0:00:07]} 44. Rb7 {[%emt 0:02:29]} Kd8 {[%emt 0:00:05]} 45. Rb8+ {[%emt 0:02:52]} Ke7 {[%emt 0:00:02]} 46. Rb7 {[%emt 0:00:06]} 1/2-1/2

[Event "94th Tradewise Hastings Congress"]
[Site "Hastings"]
[Date "2018.12.28"]
[Round "1"]
[White "Taylor, Adam C"]
[Black "Groffen, Hans"]
[Result "1-0"]
[WhiteElo "2331"]
[BlackElo "2120"]
[Annotator "NA"]
[PlyCount "39"]
[EventDate "2018.12.28"]
[EventType "swiss"]
[EventCountry "ENG"]
[SourceTitle "playchess.com"]
[Source "ChessBase"]
[SourceQuality "1"]
[TimeControl "40/6000+30:3000+30"]

1. c4 {[%emt 0:00:00]} e5 {[%emt 0:00:00]} 2. Nc3 {[%emt 0:00:00]} Nc6 {[%emt 0:00:00]} 3. g3 {[%emt 0:00:00]} f5 {[%emt 0:00:25]} 4. Nf3 {[%emt 0:00:00]} Nf6 {[%emt 0:00:12]} 5. d4 {[%emt 0:00:00]} e4 {[%emt 0:00:13]} 6. Nh4 {[%emt 0:00:02]} d6 {[%emt 0:00:22]} 7. Nd5 {[%emt 0:10:36]} g6 {[%emt 0:04:41]} 8. Bg5 {[%emt 0:02:57]} Bg7 {[%emt 0:00:46]} 9. e3 {[%emt 0:02:01]} O-O {[%emt 0:01:03]} 10. Ng2 {[%emt 0:01:56]} Ne7 {[%emt 0:03:47]} 11. h4 {[%emt 0:03:34]} c6 {[%emt 0:11:28]} 12. Nxe7+ {[%emt 0:00:42]} Qxe7 {[%emt 0:00:08]} 13. Nf4 {[%emt 0:01:57]} Be6 {[%emt 0:03:44]} 14. h5 {[%emt 0:01:53]} Bf7 {[%emt 0:00:34]} 15. g4 {[%emt 0:02:31]} fxg4 {[%emt 0:02:40]} 16. hxg6 {[%emt 0:02:29]} hxg6 {[%emt 0:01:22]} 17. Qxg4 {[%emt 0:15:10]} d5 {[%emt 0:09:44]} 18. Bxf6 {[%emt 0:00:17]} Qxf6 {[%emt 0:01:45]} 19. Qh3 {[%emt 0:11:21]} Be8 {[%emt 0:05:12]} 20. Be2 {[%emt 0:03:19]} 1-0

[Event "94th Tradewise Hastings Congress"]
[Site "Hastings"]
[Date "2018.12.28"]
[Round "1"]
[White "Derakhshani, Borna"]
[Black "Snape, Ian L"]
[Result "1-0"]
[WhiteElo "2325"]
[BlackElo "2112"]
[Annotator "NA"]
[PlyCount "85"]
[EventDate "2018.12.28"]
[EventType "swiss"]
[EventCountry "ENG"]
[TimeControl "40/6000+30:3000+30"]

1. Nf3 {[%emt 0:00:00]} Nf6 {[%emt 0:00:00]} 2. c4 {[%emt 0:00:00]} g6 {[%emt 0:00:00]} 3. Nc3 {[%emt 0:00:10]} Bg7 {[%emt 0:00:00]} 4. e3 {[%emt 0:00:12]} c5 {[%emt 0:01:57]} 5. Be2 {[%emt 0:01:11]} O-O {[%emt 0:00:15]} 6. O-O {[%emt 0:00:10]} Nc6 {[%emt 0:01:16]} 7. d4 {[%emt 0:05:43]} cxd4 {[%emt 0:02:45]} 8. Nxd4 {[%emt 0:00:19]} Nxd4 {[%emt 0:05:07]} 9. Qxd4 {[%emt 0:01:18]} d6 {[%emt 0:01:04]} 10. Qh4 {[%emt 0:09:32]} Be6 {[%emt 0:06:16]} 11. e4 {[%emt 0:00:49]} Rc8 {[%emt 0:01:46]} 12. Nd5 {[%emt 0:02:39]} b5 {[%emt 0:06:25]} 13. cxb5 {[%emt 0:01:33]} Nxd5 {[%emt 0:01:10]} 14. exd5 {[%emt 0:00:05]} Bxd5 {[%emt 0:00:05]} 15. Rd1 {[%emt 0:02:24]} Be6 {[%emt 0:05:18]} 16. Be3 {[%emt 0:01:21]} Rc2 {[%emt 0:03:30]} 17. Bd3 {[%emt 0:06:13]} Rxb2 {[%emt 0:01:23]} 18. Qa4 {[%emt 0:01:51]} Qd7 {[%emt 0:23:26]} 19. Qa6 {[%emt 0:11:47]} Bd5 {[%emt 0:06:03]} 20. Bf1 {[%emt 0:02:29]} Bb7 {[%emt 0:01:45]} 21. Qa5 {[%emt 0:03:36]} Rc8 {[%emt 0:07:35]} 22. Rac1 {[%emt 0:02:58]} h5 {[%emt 0:01:40]} 23. Rxc8+ {[%emt 0:08:31]} Qxc8 {[%emt 0:00:53]} 24. Rc1 {[%emt 0:04:29]} Qe6 {[%emt 0:06:37]} 25. Qxa7 {[%emt 0:03:57]} Bd5 {[%emt 0:02:02]} 26. a4 {[%emt 0:06:56]} h4 {[%emt 0:03:58]} 27. h3 {[%emt 0:01:37]} Qe4 {[%emt 0:05:55]} 28. a5 {[%emt 0:08:57]} Kh7 {[%emt 0:04:08]} 29. a6 {[%emt 0:07:20]} f5 {[%emt 0:00:05]} 30. Re1 {[%emt 0:02:34]} e6 {[%emt 0:04:33]} 31. Bh6 {[%emt 0:02:08]} Qd4 {[%emt 0:02:13]} 32. Qxg7+ {[%emt 0:00:03]} Qxg7 {[%emt 0:00:07]} 33. Bxg7 {[%emt 0:00:02]} Kxg7 {[%emt 0:00:04]} 34. Rd1 {[%emt 0:00:20]} Bb3 {[%emt 0:01:10]} 35. a7 {[%emt 0:02:09]} Ra2 {[%emt 0:00:37]} 36. b6 {[%emt 0:00:22]} Bxd1 {[%emt 0:00:07]} 37. b7 {[%emt 0:00:04]} Rxa7 {[%emt 0:00:07]} 38. b8=Q {[%emt 0:00:07]} Rf7 {[%emt 0:00:38]} 39. Qxd6 {[%emt 0:00:05]} Bc2 {[%emt 0:00:35]} 40. Qd4+ {[%emt 0:00:05]} Rf6 {[%emt 0:03:50]} 41. Qxh4 {[%emt 0:51:02]} Bb3 {[%emt 0:50:22]} 42. Qd4 {[%emt 0:01:51]} g5 {[%emt 0:00:27]} 43. Qe3 {[%emt 0:00:05]} 1-0

[Event "94th Tradewise Hastings Congress"]
[Site "Hastings"]
[Date "2018.12.28"]
[Round "1"]
[White "Peek, Marcel"]
[Black "White, Stuart A"]
[Result "0-1"]
[WhiteElo "2293"]
[BlackElo "2096"]
[Annotator "NA"]
[PlyCount "80"]
[EventDate "2018.12.28"]
[EventType "swiss"]
[EventCountry "ENG"]
[TimeControl "40/6000+30:3000+30"]

1. d4 {[%emt 0:00:13]} d5 {[%emt 0:00:00]} 2. c4 {[%emt 0:00:09]} e6 {[%emt 0:00:00]} 3. Nf3 {[%emt 0:00:12]} Nf6 {[%emt 0:00:00]} 4. Nc3 {[%emt 0:00:30]} Bb4 {[%emt 0:00:00]} 5. cxd5 {[%emt 0:00:40]} exd5 {[%emt 0:00:08]} 6. Qa4+ {[%emt 0:00:32]} Nc6 {[%emt 0:00:08]} 7. Bg5 {[%emt 0:00:06]} h6 {[%emt 0:00:24]} 8. Bxf6 {[%emt 0:00:17]} Qxf6 {[%emt 0:00:11]} 9. e3 {[%emt 0:00:15]} O-O {[%emt 0:00:31]} 10. Be2 {[%emt 0:00:28]} a6 {[%emt 0:00:45]} 11. O-O {[%emt 0:12:33]} Be6 {[%emt 0:00:22]} 12. Rfc1 {[%emt 0:00:21]} Bd6 {[%emt 0:00:30]} 13. Qd1 {[%emt 0:00:56]} Ne7 {[%emt 0:00:35]} 14. g3 {[%emt 0:07:06]} g5 {[%emt 0:06:23]} 15. e4 {[%emt 0:15:46]} dxe4 {[%emt 0:06:01]} 16. Nxe4 {[%emt 0:00:23]} Qg7 {[%emt 0:13:45]} 17. Nxd6 {[%emt 0:02:09]} cxd6 {[%emt 0:00:03]} 18. Rc7 {[%emt 0:02:37]} Rfe8 {[%emt 0:12:33]} 19. Rxb7 {[%emt 0:06:54]} Bd5 {[%emt 0:03:37]} 20. Rb6 {[%emt 0:00:33]} Qf6 {[%emt 0:04:21]} 21. Ne5 {[%emt 0:13:47]} Nc8 {[%emt 0:14:14]} 22. Ng4 {[%emt 0:01:27]} Qe6 {[%emt 0:18:02]} 23. Rxa6 {[%emt 0:00:34]} Qxe2 {[%emt 0:04:15]} 24. Rxa8 {[%emt 0:19:41]} Bxa8 {[%emt 0:00:30]} 25. Nf6+ {[%emt 0:02:57]} Kg7 {[%emt 0:01:31]} 26. Nxe8+ {[%emt 0:00:10]} Qxe8 {[%emt 0:00:04]} 27. Rc1 {[%emt 0:10:46]} Qe4 {[%emt 0:04:12]} 28. f3 {[%emt 0:00:07]} Qe3+ {[%emt 0:00:12]} 29. Kf1 {[%emt 0:00:49]} Bxf3 {[%emt 0:04:07]} 30. Qe1 {[%emt 0:00:27]} Be2+ {[%emt 0:00:28]} 31. Kg2 {[%emt 0:00:06]} Qf3+ {[%emt 0:01:08]} 32. Kg1 {[%emt 0:00:06]} Qe3+ {[%emt 0:03:33]} 33. Kg2 {[%emt 0:00:05]} Ne7 {[%emt 0:02:44]} 34. Qf2 {[%emt 0:12:23]} Qxc1 {[%emt 0:03:57]} 35. Qxe2 {[%emt 0:00:03]} Nf5 {[%emt 0:01:36]} 36. d5 {[%emt 0:00:50]} Ne3+ {[%emt 0:00:50]} 37. Kf2 {[%emt 0:00:33]} Nd1+ {[%emt 0:00:47]} 38. Kf3 {[%emt 0:00:19]} Nxb2 {[%emt 0:00:28]} 39. Qa6 {[%emt 0:01:03]} Qc3+ {[%emt 0:00:52]} 40. Ke2 {[%emt 0:00:31]} Qe5+ {[%emt 0:01:10]} 0-1